Champions league winners by year - Click Quiz - Statistics

General Stats
  • This quiz has been taken 36 times
    21 since last reset
  • The average score is 34 of 68
Answer Stats
Hint Answer % Correct
2023 Manchester City
89%
2021 Chelsea
78%
2012 Chelsea
78%
2019 Liverpool
78%
2022 Real Madrid
78%
2018 Real Madrid
78%
2017 Real Madrid
78%
2016 Real Madrid
78%
2014 Real Madrid
78%
2015 Barcelona
67%
2011 Barcelona
67%
2020 Bayern Munich
67%
2013 Bayern Munich
67%
2001 Bayern Munich
67%
2005 Liverpool
67%
2000 Real Madrid
67%
2003 AC Milan
56%
2009 Barcelona
56%
1992 Barcelona
56%
1981 Liverpool
56%
2008 Manchester United
56%
1999 Manchester United
56%
2007 AC Milan
44%
1994 AC Milan
44%
1990 AC Milan
44%
1995 Ajax
44%
1973 Ajax
44%
1972 Ajax
44%
1971 Ajax
44%
1982 Aston Villa
44%
2006 Barcelona
44%
1976 Bayern Munich
44%
1975 Bayern Munich
44%
1974 Bayern Munich
44%
1962 Benfica
44%
1961 Benfica
44%
1997 Borussia Dortmund
44%
1967 Celtic
44%
1970 Feyenoord
44%
2010 Inter Milan
44%
1964 Inter Milan
44%
1996 Juventus
44%
1985 Juventus
44%
1978 Liverpool
44%
1977 Liverpool
44%
1968 Manchester United
44%
1993 Marseille
44%
1980 Nottingham Forest
44%
1979 Nottingham Forest
44%
2004 Porto
44%
1988 PSV Eindhoven
44%
2002 Real Madrid
44%
1998 Real Madrid
44%
1966 Real Madrid
44%
1960 Real Madrid
44%
1959 Real Madrid
44%
1958 Real Madrid
44%
1957 Real Madrid
44%
1956 Real Madrid
44%
1991 Red Star Belgrade
44%
1989 AC Milan
33%
1969 AC Milan
33%
1965 Inter Milan
33%
1984 Liverpool
33%
1987 Porto
33%
1986 Steaua București
33%
1963 AC Milan
22%
1983 Hamburger SV
22%
No matching quizzes found
Score Distribution
Percent of People with Each Score
Percentile by Number Answered
Your Score History
You have not taken this quiz since the last reset